000
00295nam a22001337a 4500
008
170613b xxu||||| |||| 00| 0 eng d
020
_a
0830411011
041
_a
eng
080
_a
327
100
_a
19
101
_a
SHP
245
_a
INTERNATIONAL RELATIONS
_c
FARNSWORTH, D.N
942
_2
udc
_c
BK
999
_c
17087
_d
17087